General Surgery (Record no. 609300)
[ view plain ]
| 000 -LEADER | |
|---|---|
| fixed length control field | 00371nam a22001457a 4500 |
| 040 ## - CATALOGING SOURCE | |
| Transcribing agency | PK-NSHSNUST |
| 100 ## - MAIN ENTRY--PERSONAL NAME | |
| Personal name | Abdul Wahab Dogar |
| 9 (RLIN) | 122923 |
| 245 ## - TITLE STATEMENT | |
| Title | General Surgery |
| 250 ## - EDITION STATEMENT | |
| Edition statement | 4th Edition |
| 260 ## - PUBLICATION, DISTRIBUTION, ETC. | |
| Place of publication, distribution, etc. | Karachi |
| Name of publisher, distributor, etc. | Farooq Kitab Ghar |
| Date of publication, distribution, etc. | 2016 |
| 300 ## - PHYSICAL DESCRIPTION | |
| Extent | vii, 280 |
| Other physical details | 24 cm |
| 546 ## - LANGUAGE NOTE | |
| Language note | English |
| 942 ## - ADDED ENTRY ELEMENTS (KOHA) | |
| Source of classification or shelving scheme | |
| Koha item type | Book |
| Withdrawn status | Lost status | Source of classification or shelving scheme | Damaged status | Not for loan | Permanent Location | Current Location | Date acquired | Total Checkouts | Date last seen | Price effective from | Koha item type |
|---|---|---|---|---|---|---|---|---|---|---|---|
| NUST School of Health Sciences (NSHS) | NUST School of Health Sciences (NSHS) | 05/27/2024 | 05/27/2024 | 05/27/2024 | Book |
